000 00370 a2200169 4500
001 175384
020 _a85-16-00418-X
040 _cMagnum
100 _aMurgel Branco, Samuel
240 1 0 _aNatureza e seres vivos
_lpor
245 1 0 _aNatureza e seres vivos
300 _a40
362 0 _a1991
440 1 _aModerna
697 _aEDUCAÇÃO AMBIENTAL
942 _cBK
999 _c175384
_d175384